|
|
|
|
| LEADER |
00000nas a22000001a 4500 |
| 001 |
vtls010300994 |
| 003 |
SK-MaSNL |
| 005 |
20260228162915.0 |
| 008 |
110810d19521955xo mr p r 0 b0slo |
| 015 |
|
|
|a SNBDS17XX9999
|
| 015 |
|
|
|a 0011
|2 Balúnová 1945-60
|
| 038 |
|
|
|a SNKBUDS
|
| 040 |
|
|
|a SNK
|b slo
|c SNK
|e AACR2
|
| 041 |
0 |
|
|a slo
|a hun
|
| 044 |
|
|
|a xo
|c SK
|
| 080 |
|
|
|a 622
|2 2001
|
| 245 |
0 |
0 |
|a Andezit
|b závodný časopis Andezitových kameňolomov, n. p., Levice
|
| 260 |
|
|
|a Levice
|b ZO KSS, ZO ROH, ZO ZČSP a ZS ČSM Andezitových kameňolomov, n. p. Levice
|c 1952-1955
|
| 300 |
|
|
|a 4 roč.
|c 22 x 30 cm
|
| 310 |
|
|
|a 1x mesačne
|
| 362 |
0 |
|
|a Roč. I, č. 1 (1.8.1952)-roč. IV, č. 5 (1.5.1955)
|
| 500 |
|
|
|a Vych. v Leviciach mesačne
|
| 500 |
|
|
|a Red. F. Petrovič s red. radou, od 9/III (10. sept. 1954) Š. Harmady s red. radou
|
| 500 |
|
|
|a Vyd. ZO KSS, ZO ROH, ZO ZČSP a ZS ČSM Andezitových kameňolomov, n. p. Levice
|
| 500 |
|
|
|a Tlač. Západoslov. tlačiarne, n. p. Nitra, prev. v Leviciach od 2/II (febr. 1953) Nitrianske tlačiarne, n. p. Nitra, prev. v Leviciach, od 4/III (apr. 1954) Nitrianske tlačiarne, n. p. Nitra, prev. Nové Zámky, od 2/IV (febr. 1955) Nitrianske tlačiarne, n. p. Nitra, prev. v Leviciach
|
| 500 |
|
|
|a Vych. od 1. aug. 1952; pov. PIO, č. 10.050/52 - IV/2 zo 7. júla 1952; posl. č. 1. mája 1955
|
| 505 |
8 |
0 |
|g Roč. I. 1952 5 č. po 4 s.
|
| 505 |
8 |
0 |
|g Roč. II. 1953 12 č. po 4 s.
|
| 505 |
8 |
0 |
|g Roč. III. 1954 13 č. po 4 s.
|
| 505 |
8 |
0 |
|g Roč. IV. 1955 5 č. po 4 s.
|
| 546 |
|
|
|a Príspevky aj v maďarskom jazyku
|
| 610 |
2 |
7 |
|a Andezitové kameňolomy (firma : Levice)
|x časopisy
|2 SNKBUDS
|9 272465
|
| 610 |
2 |
7 |
|a Andezitové kameňolomy (firma : Levice, Slovensko)
|x časopisy
|2 SNKBUDS
|9 272466
|
| 650 |
0 |
7 |
|a andezit
|2 SNKBUDS
|9 112271
|
| 655 |
|
7 |
|a podnikové časopisy
|2 SNKBUDS
|9 265225
|
| 700 |
1 |
|
|a Petrovič, F.
|4 red
|9 272467
|
| 700 |
1 |
|
|a Harmady, Š.
|4 red
|9 272468
|
| 710 |
2 |
|
|a Andezitové kameňolomy, n.p. (Levice, Slovensko)
|e vydav.
|9 272469
|
| 710 |
2 |
|
|a Západoslovenské tlačiarne, n.p. (Bratislava, Slovensko)
|b prevádzka Levice
|e tlač.
|9 269966
|
| 710 |
2 |
|
|a Nitrianske tlačiarne, n.p. (Nitra, Slovensko)
|b prevádzka Nové Zámky
|e tlač.
|9 269612
|
| 710 |
2 |
|
|a Nitrianske tlačiarne, n.p. (Nitra, Slovensko)
|b prevádzka Levice
|e tlač.
|9 269965
|
| 852 |
|
|
|a SNK
|b 10000
|h ČSB 798
|
| 852 |
|
|
|a UKB
|b 300000
|h XX B 776
|
| 852 |
|
|
|a SVKKK
|b 900000
|h C 172
|
| 999 |
|
|
|c 8534
|d 10464
|
| 952 |
|
|
|0 0
|1 0
|4 0
|7 0
|a SNK
|b SNK
|d 2017-09-22
|i snkII. 1689/55
|l 0
|o snkČSB 798/3/1954 D1
|p 17A1188363
|r 2026-02-21 21:56:05
|t č. 1-13
|w 2026-02-21
|y PREZ
|
| 952 |
|
|
|0 0
|1 0
|4 0
|7 0
|a SNK
|b SNK
|d 2017-09-22
|i snkČSP 281/56
|l 0
|o snkČSB 798/4/1955 D1
|p 17A1188348
|r 2026-02-21 21:56:05
|t č. 1-5
|w 2026-02-21
|y PREZ
|
| 952 |
|
|
|0 0
|1 0
|4 0
|7 0
|a SNK
|b SNK
|d 2017-09-22
|i snkII. 1058/54
|l 0
|o snkČSB 798/2/1953 D1
|p 17A1188362
|r 2026-02-21 21:56:05
|t č. 1-12
|w 2026-02-21
|y PREZ
|
| 952 |
|
|
|0 0
|1 0
|4 0
|7 0
|a SNK
|b SNK
|d 2017-09-22
|i snkVI. 3026/55
|l 0
|o snkČSB 798/1/1952 D1
|p 17A1188361
|r 2026-02-21 21:56:05
|t č. 1-5
|w 2026-02-21
|y PREZ
|